00977nam a2200229 a 450000100060000000300080000600500170001400800410003103500190007204000300009104100080012108200340012910000310016324500980019426001050029230000350039750400510043260000570048394200120054099900170055295201780056928557BD-RjUL20211209051310.0140331s1969 ii a b f001 0 eng d a(BD-RjUL)28638 aLCbengcLCdANLdBD-RjUL aeng00a954.035092220bGAC V-33 19691 aGandhi,d1869-1948.98254914aThe collected works of Mahatma Gandhi /cMahatma Gandhi.nVolume XXXIII :pJanuary-June 1927. aNew Delhi :bPublications Division, Ministry of Information and Broadcasting, Govt. of India,c1969. avarious pages :bill.;c25 cm. aIncludes bibliographical references and index.00aGandhi,cMahatma,d1869-1948xCorrespondence.987487 2ddccBK c28557d28557 00102ddc40728NFICaRUCLbRUCLcReadingd1977-06-22eAss. High Commission of india, Rajshahi, Gift.l0o954.035092 GAC V-33 1969r2014-03-31 00:00:00tC-1w2014-03-31yBK